Actiones concilii provincialis toletani, in eiusdem urbis templo cathedralis ecclessiae assumptioni Deiparae Virginis Mariae côsecrato celebratae, sub sanctissimis Dominis invictissimo rege nostro Philippo secundo; praesidente Domino Christophoro Rogio de Sandoval, Episcopo Cordubensi

Detalles Bibliográficos
Autores Corporativos: Iglesia Católica. Concilio Provincial Toledano : 1565-1566, Arquidiócesis de Toledo (España)
Otros Autores: Rojas y Sandoval, Cristóbal de, ob. de Córdoba, 1502-1580, Angulo, Andrés de, ed, Robles, Blas, librero
Formato: Libro
Lenguaje:Latin
Publicado: Compluti : excudebat Andreas de Angûlo. Vendese en casa de Blas de Robles librero, 1566.
Materias:
Colección:Banco de datos
Acervo:Universidad Autónoma Benito Juárez de Oaxaca. Biblioteca Francisco de Burgoa. Colección antigua
Descripción Física:[16], 79 h. ; 16°
Tema general:Concilios
Notas:Portada tipográfica con escudo en grabado xilográfico. Texto a renglón seguido con paginación en números arábigos, reclamos y signaturas. Incluye capitular historiada en grabado xilográfico
LEADER 01476nam a22002530004500
035 |a 160 
041 0 |a lat 
110 1 |a Iglesia Católica. Concilio Provincial Toledano : 1565-1566 
245 1 0 |a Actiones concilii provincialis toletani, in eiusdem urbis templo cathedralis ecclessiae assumptioni Deiparae Virginis Mariae côsecrato celebratae, sub sanctissimis Dominis invictissimo rege nostro Philippo secundo; praesidente Domino Christophoro Rogio de Sandoval, Episcopo Cordubensi 
260 |a Compluti : excudebat Andreas de Angûlo. Vendese en casa de Blas de Robles librero, 1566. 
300 |a [16], 79 h. ; 16° 
500 |a Portada tipográfica con escudo en grabado xilográfico. Texto a renglón seguido con paginación en números arábigos, reclamos y signaturas. Incluye capitular historiada en grabado xilográfico 
501 |a 1 obra 
504 |a Al principio de la obra está el índice de contenido 
610 1 4 |a Concilio Provincial Toledano : 1565-1566 
650 1 0 |a Concilios 
700 1 |a Rojas y Sandoval, Cristóbal de, ob. de Córdoba, 1502-1580 
700 1 |a Angulo, Andrés de, ed. 
700 1 |a Robles, Blas, librero 
710 1 |a Arquidiócesis de Toledo (España) 
852 |a Universidad Autónoma "Benito Juárez" de Oaxaca, Biblioteca Francisco de Burgoa, Colección antigua 1963-B 
942 |c BURANT 
943 |g Universidad Autónoma Benito Juárez de Oaxaca. Biblioteca Francisco de Burgoa. Colección antigua 
999 |c 1111171  |d 1111171